[Event "AUTO-OPEN-4461"]
[Site "http://www.queenalice.com/game.php?id=1828734"]
[Date "2024.1.7"]
[Round "2"]
[White "Lucasbarbaruiva"]
[Black "kubinet"]
[Result "0-1"]
[WhiteElo "1852"]
[BlackElo "2065"]

1. d4 d5 2. e3 Nf6 3. Bd3 e6 4. Nf3 Be7 5. b3 O-O 6. Ba3 Nbd7 7. Bxe7 Qxe7 8.
Nbd2 c5 9. c3 b6 10. dxc5 bxc5 11. O-O a5 12. a3 Ba6 13. Bxa6 Rxa6 14. b4 axb4
15. axb4 Rxa1 16. Qxa1 cxb4 17. cxb4 Qxb4 18. Rb1 Qg4 19. Qa3 h6 20. Rb4 Qh5 21.
Qd3 Ng4 22. h3 Nge5 23. Qe2 Nxf3+ 24. Qxf3 Qe5 25. Nb3 Rc8 26. g3 Nf6 27. Nd4
Ne4 28. Rb7 Qf6 29. Qe2 Rc1+ 30. Kg2 Rc8 31. Rb6 Qg5 32. Nf3 Qd8 33. Qa6 Rc2 34.
Qa7 Rxf2+ 35. Kg1 Qf6 36. Qb8+ Kh7 37. Qf4 Qa1+ 38. Ne1 Qxe1# 0-1

[Event "AUTO-OPEN-4461"]
[Site "http://www.queenalice.com/game.php?id=1828735"]
[Date "2024.1.7"]
[Round "2"]
[White "kubinet"]
[Black "Lucasbarbaruiva"]
[Result "1-0"]
[WhiteElo "2089"]
[BlackElo "1845"]

1. e4 e5 2. Nf3 d6 3. d4 Nc6 4. Bb5 Bd7 5. O-O exd4 6. Nxd4 Nxd4 7. Bxd7+ Qxd7
8. Qxd4 Nf6 9. Nc3 Be7 10. Bg5 O-O 11. Rad1 h6 12. Bh4 Nh7 13. Bxe7 Qxe7 14. Nd5
Qd7 15. c4 Rfe8 16. f3 a5 17. Qc3 b5 18. cxb5 Qxb5 19. Nxc7 Qb6+ 20. Kh1 Qc5 21.
Nxa8 Qxc3 22. bxc3 Rxa8 23. Rxd6 Rc8 24. Rc1 a4 25. Ra6 Rc4 26. Kg1 Nf6 27. Kf2
Nd7 28. Ke3 Ne5 29. h3 f6 30. f4 Ng6 31. g3 Ne7 32. Kd3 Rc7 33. Rxa4 Kh7 34. c4
Nc8 35. c5 Ne7 36. e5 fxe5 37. fxe5 Nc6 38. Re4 Kg6 39. a4 Kf5 40. Rf1+ Ke6 41.
Kc3 Kd5 42. Rfe1 Na5 43. e6 Rxc5+ 44. Kd3 Rc8 45. e7 1-0